[Event "Titled Tuesday intern op 23rd Apr Late"]
[Site "Chess.com INT"]
[Date "2024.04.23"]
[Round "1"]
[White "Kepeshchuk, Mykhaylo"]
[Black "Kaplan, Ebru"]
[Result "0-1"]
[WhiteElo "2269"]
[BlackElo "1966"]
[PlyCount "88"]
[EventDate "2024.04.23"]
[EventType "swiss (blitz)"]
[EventRounds "11"]
[EventCountry "USA"]
[SourceTitle "CB18_2024"]
[SourceDate "2024.05.01"]
[SourceVersion "1"]
[SourceVersionDate "2024.05.01"]
[SourceQuality "2"]

1. d4 d5 2. c4 e6 3. Nf3 Nf6 4. g3 Be7 5. Bg2 0-0 6. 0-0 dxc4 7. Ne5 Nd5 8. Nxc4 b5 9. Ne5 Bb7 10. Qb3 a6 11. Rd1 Nd7 12. Nxd7 Qxd7 13. Nd2 Rfd8 14. Ne4 h6 15. Bd2 f5 16. Nc5 Bxc5 17. dxc5 Qe7 18. Rac1 Bc6 19. e4 Nf6 20. e5 Nd5 21. f4 a5 22. h3 a4 23. Qa3 Rab8 24. Be1 b4 25. Qf3 b3 26. a3 Rb5 27. Bf2 Kh7 28. g4 g6 29. Qg3 Rg8 30. Kh2 Qd7 31. Rd2 Qe7 32. Rcd1 Rg7 33. Bxd5 Bxd5 34. Rxd5 exd5 35. Rxd5 Qe6 36. Qd3 Rf7 37. Rd8 Rb7 38. Be1 c6 39. Bc3 Rbd7 40. Rxd7 Rxd7 41. gxf5 Qxf5 42. Qxf5 gxf5 43. Kg1 Re7 44. Kf2 Kg6 0-1

[Event "Titled Tuesday intern op 23rd Apr Late"]
[Site "Chess.com INT"]
[Date "2024.04.23"]
[Round "2"]
[White "Melillo, Lucius"]
[Black "Kepeshchuk, Mykhaylo"]
[Result "0-1"]
[WhiteElo "2274"]
[BlackElo "2269"]
[PlyCount "43"]
[EventDate "2024.04.23"]
[EventType "swiss (blitz)"]
[EventRounds "11"]
[EventCountry "USA"]
[SourceTitle "CB18_2024"]
[SourceDate "2024.05.01"]
[SourceVersion "1"]
[SourceVersionDate "2024.05.01"]
[SourceQuality "2"]

1. d4 Nf6 2. Bf4 c5 3. e3 d5 4. Nf3 Nc6 5. Nbd2 g6 6. dxc5 Bg7 7. c3 0-0 8. Be2 a5 9. 0-0 Nd7 10. e4 Nxc5 11. exd5 Qxd5 12. Bc4 Qh5 13. Re1 Rd8 14. Qe2 Bf5 15. Ne5 Nxe5 16. Qxh5 gxh5 17. Bxe5 Rxd2 18. Bxg7 Kxg7 19. Re5 Bg6 20. Rxc5 Rad8 21. Re1 Rd1 22. Rc7 0-1

[Event "Titled Tuesday intern op 02nd Apr Late"]
[Site "Chess.com INT"]
[Date "2024.04.02"]
[Round "11"]
[White "Wu, Derek"]
[Black "Kepeshchuk, Mykhaylo"]
[Result "0-1"]
[WhiteElo "2295"]
[BlackElo "2269"]
[PlyCount "68"]
[EventDate "2024.04.02"]
[EventType "swiss (blitz)"]
[EventRounds "11"]
[EventCountry "USA"]
[SourceTitle "CB15_2024"]
[SourceDate "2024.04.10"]
[SourceVersion "1"]
[SourceVersionDate "2024.04.10"]
[SourceQuality "1"]

1. d4 Nf6 2. Nc3 d5 3. Bf4 a6 4. e3 g6 5. h4 h5 6. Nf3 Bg7 7. Ne5 c5 8. Be2 Nc6 9. Qd2 cxd4 10. exd4 Bf5 11. f3 Qb6 12. Nxc6 Qxc6 13. Be5 0-0 14. Rc1 b5 15. Nd1 Rfe8 16. Ne3 Bh6 17. Bd3 Bxd3 18. Qxd3 Nd7 19. 0-0 Nxe5 20. dxe5 d4 21. f4 dxe3 22. Qxe3 Rad8 23. Qe2 e6 24. c4 b4 25. c5 Rd4 26. Rc4 Red8 27. Rxd4 Rxd4 28. f5 exf5 29. Rd1 Qxc5 30. Rxd4 Qxd4+ 31. Kf1 Qe3 32. Qxa6 Qxe5 33. Qb7 Bd2 34. Kf2 Qe3+ 0-1

[Event "Titled Tuesday intern op 27th Feb Late"]
[Site "Chess.com INT"]
[Date "2024.02.27"]
[Round "1"]
[White "Kepeshchuk, Mykhaylo"]
[Black "Rustemov, Alexander"]
[Result "0-1"]
[WhiteElo "2269"]
[BlackElo "2525"]
[PlyCount "76"]
[EventDate "2024.02.27"]
[EventType "swiss (blitz)"]
[EventRounds "11"]
[EventCountry "USA"]
[SourceTitle "CB10_2024"]
[SourceDate "2024.03.06"]
[SourceVersion "1"]
[SourceVersionDate "2024.03.06"]
[SourceQuality "1"]

1. d4 d5 2. c4 c6 3. Nf3 Nf6 4. g3 a6 5. Bg2 dxc4 6. 0-0 b5 7. Nc3 Bb7 8. e4 e6 9. e5 Nd5 10. Ng5 Be7 11. Qh5 g6 12. Qh6 Bf8 13. Qh3 Nxc3 14. bxc3 Be7 15. Qh6 Bf8 16. Qh3 Nd7 17. a4 Nb6 18. Ne4 Be7 19. Ba3 h6 20. Nd6+ Bxd6 21. Bxd6 Nxa4 22. Rxa4 bxa4 23. Rb1 Ra7 24. Bc5 Qa8 25. Qh4 g5 26. Qe4 a3 27. Qe2 Bc8 28. Qxc4 Bd7 29. Bxa3 Rb7 30. Rxb7 Qxb7 31. Qc5 Kd8 32. Qe7+ Kc8 33. Qxf7 Qb1+ 34. Bf1 c5 35. Bxc5 Re8 36. Bd6 a5 37. h3 a4 38. Qf3 Qb7 0-1

[Event "Titled Tuesday intern op 13th Feb Late"]
[Site "Chess.com INT"]
[Date "2024.02.13"]
[Round "2"]
[White "Demina, Marya"]
[Black "Kepeshchuk, Mykhaylo"]
[Result "1-0"]
[WhiteElo "1936"]
[BlackElo "2269"]
[PlyCount "67"]
[EventDate "2024.02.13"]
[EventType "swiss (blitz)"]
[EventRounds "11"]
[EventCountry "USA"]
[SourceTitle "CB08_2024"]
[SourceDate "2024.02.21"]
[SourceVersion "1"]
[SourceVersionDate "2024.02.21"]
[SourceQuality "1"]

1. d4 Nf6 2. Nf3 g6 3. c4 c5 4. Nc3 cxd4 5. Nxd4 Bg7 6. e4 0-0 7. Be2 Nc6 8. Be3 d6 9. 0-0 Bd7 10. f3 Nxd4 11. Bxd4 Bc6 12. Rc1 Qa5 13. a3 Rfc8 14. Kh1 a6 15. Re1 Nd7 16. Bxg7 Kxg7 17. Qd4+ Qe5 18. Qd2 Rab8 19. b4 b5 20. cxb5 axb5 21. f4 Qe6 22. Nd5 Nf6 23. Bf3 Bxd5 24. exd5 Qd7 25. Qe2 Kf8 26. g4 Rxc1 27. Rxc1 Ra8 28. Rc3 h6 29. Kg2 g5 30. fxg5 hxg5 31. Qd2 Nxg4 32. Qxg5 Nf6 33. Qh6+ Kg8 34. Bh5 1-0

[Event "Titled Tuesday intern op 13th Feb Late"]
[Site "Chess.com INT"]
[Date "2024.02.13"]
[Round "9"]
[White "Kepeshchuk, Mykhaylo"]
[Black "Zavgorodniy, Sergiy"]
[Result "0-1"]
[WhiteElo "2269"]
[BlackElo "2401"]
[PlyCount "70"]
[EventDate "2024.02.13"]
[EventType "swiss (blitz)"]
[EventRounds "11"]
[EventCountry "USA"]
[SourceTitle "CB08_2024"]
[SourceDate "2024.02.21"]
[SourceVersion "1"]
[SourceVersionDate "2024.02.21"]
[SourceQuality "1"]

1. d4 d5 2. c4 dxc4 3. Nf3 Nf6 4. g3 b6 5. Bg2 Bb7 6. 0-0 e6 7. Qa4+ Nbd7 8. Nc3 a6 9. Qxc4 b5 10. Qd3 c5 11. dxc5 Bxc5 12. Ng5 Bxg2 13. Kxg2 0-0 14. Bf4 Qb6 15. Rad1 Rfd8 16. Qf3 Be7 17. Nge4 Nxe4 18. Nxe4 Nf6 19. Bg5 e5 20. Bxf6 Bxf6 21. Nxf6+ Qxf6 22. Qxf6 gxf6 23. g4 Kf8 24. Kf3 Ke7 25. Ke3 Ke6 26. Rc1 Rac8 27. Rfd1 f5 28. Rxd8 Rxc1 29. Ra8 Rc6 30. h3 Kf6 31. b3 Kg5 32. Kf3 e4+ 33. Kg3 f4+ 34. Kg2 Rc2 35. Kf1 Rxa2 0-1

[Event "Titled Tuesday intern op 13th Feb Late"]
[Site "Chess.com INT"]
[Date "2024.02.13"]
[Round "10"]
[White "Ruiz Aguilar, Pablo Alexander"]
[Black "Kepeshchuk, Mykhaylo"]
[Result "1-0"]
[WhiteElo "2162"]
[BlackElo "2269"]
[PlyCount "47"]
[EventDate "2024.02.13"]
[EventType "swiss (blitz)"]
[EventRounds "11"]
[EventCountry "USA"]
[SourceTitle "CB08_2024"]
[SourceDate "2024.02.21"]
[SourceVersion "1"]
[SourceVersionDate "2024.02.21"]
[SourceQuality "1"]

1. e4 c5 2. Nf3 d6 3. d4 cxd4 4. Nxd4 Nf6 5. Nc3 g6 6. Be3 Nc6 7. f3 h5 8. Qd2 Nxd4 9. Bxd4 Bh6 10. Be3 Bxe3 11. Qxe3 Be6 12. 0-0-0 Qa5 13. Kb1 Rc8 14. a3 h4 15. Be2 Rh5 16. f4 Rhc5 17. Rd3 Bc4 18. b4 Qxa3 19. bxc5 Rxc5 20. e5 Ra5 21. Na4 Rb5+ 22. Rb3 Bxb3 23. Bxb5+ Kf8 24. Qxb3 1-0

[Event "Morshyn GP 3rd"]
[Site "Morshyn"]
[Date "2023.12.02"]
[Round "2"]
[White "Kepeshchuk, Mykhaylo"]
[Black "Khrinovskyi, Iurii"]
[Result "1-0"]
[WhiteElo "2269"]
[BlackElo "1770"]
[PlyCount "43"]
[EventDate "2023.12.02"]
[EventType "swiss (rapid)"]
[EventRounds "9"]
[EventCountry "UKR"]
[SourceTitle "CB49_2023"]
[SourceDate "2023.12.06"]
[SourceVersion "1"]
[SourceVersionDate "2023.12.06"]
[SourceQuality "1"]

1. d4 d5 2. c4 e6 3. Nf3 Nf6 4. g3 Be7 5. Bg2 0-0 6. 0-0 c6 7. Nc3 b6 8. Qd3 Na6 9. Rd1 Bb7 10. e4 dxe4 11. Nxe4 c5 12. Nxf6+ Bxf6 13. Ng5 Bxg5 14. Bxb7 Nb4 15. Qb3 Bxc1 16. Raxc1 Rb8 17. dxc5 Qe7 18. c6 Qc5 19. Qe3 Qxe3 20. fxe3 Nxa2 21. Ra1 Nb4 22. Rxa7 1-0

[Event "Morshyn GP 3rd"]
[Site "Morshyn"]
[Date "2023.12.02"]
[Round "7"]
[White "Kepeshchuk, Mykhaylo"]
[Black "Mikhaletz, Lubomir"]
[Result "1/2-1/2"]
[WhiteElo "2269"]
[BlackElo "2298"]
[PlyCount "75"]
[EventDate "2023.12.02"]
[EventType "swiss (rapid)"]
[EventRounds "9"]
[EventCountry "UKR"]
[SourceTitle "CB49_2023"]
[SourceDate "2023.12.06"]
[SourceVersion "1"]
[SourceVersionDate "2023.12.06"]
[SourceQuality "1"]

1. d4 d6 2. c4 e5 3. Nf3 e4 4. Nfd2 f5 5. Nc3 c6 6. e3 Nf6 7. b4 d5 8. Qb3 Be6 9. a4 a6 10. Ba3 dxc4 11. Bxc4 Bxc4 12. Nxc4 Nd5 13. b5 axb5 14. axb5 Nxc3 15. Qxc3 cxb5 16. Bxf8 Rxa1+ 17. Qxa1 bxc4 18. Bxg7 Rg8 19. Be5 Nc6 20. 0-0 Qa5 21. Qb2 Qb4 22. Qxb4 Nxb4 23. Rb1 Nd3 24. Rxb7 Rg6 25. Rc7 Rb6 26. g4 fxg4 27. Rxc4 h5 28. d5 h4 29. h3 gxh3 30. Rxe4 Rb1+ 31. Kh2 Nxf2 32. Rxh4 Re1 33. Rh8+ Kf7 34. Rh4 Ke8 35. Bf4 Rh1+ 36. Kg3 Ne4+ 37. Kf3 Nd2+ 38. Kg3 1/2-1/2

[Event "Morshyn All Ukranian 1st"]
[Site "Morshyn"]
[Date "2023.07.08"]
[Round "8"]
[White "Dubnevych, Maksym"]
[Black "Kepeshchuk, Mykhaylo"]
[Result "1-0"]
[WhiteElo "2251"]
[BlackElo "2269"]
[PlyCount "93"]
[EventDate "2023.07.08"]
[EventType "swiss (rapid)"]
[EventRounds "9"]
[EventCountry "UKR"]
[SourceTitle "CBM 215 Extra"]
[Source "ChessBase"]
[SourceDate "2023.09.30"]
[SourceVersion "1"]
[SourceVersionDate "2023.09.30"]
[SourceQuality "1"]

1. d4 Nf6 2. Nc3 d5 3. Bf4 g6 4. e3 Bg7 5. h4 h6 6. Nf3 0-0 7. Ne5 c5 8. a3 Nc6 9. dxc5 Nh5 10. Nxc6 bxc6 11. Bh2 Qa5 12. Qd2 Qxc5 13. Be2 Nf6 14. Na4 Ne4 15. Nxc5 Nxd2 16. Kxd2 Bxb2 17. Ra2 Bf6 18. h5 e5 19. Rb1 Be7 20. Na6 Bd6 21. Nb4 Rb8 22. Rab2 Rb6 23. Nd3 Rxb2 24. Rxb2 f6 25. Nb4 Bd7 26. Na6 Bc8 27. hxg6 Kg7 28. Nb4 Bd7 29. Nxd5 Kxg6 30. Rb7 Rd8 31. Bd3+ f5 32. Nc3 Bc8 33. Rxa7 e4 34. Bxd6 Rxd6 35. Ke2 exd3+ 36. cxd3 Be6 37. Na4 Rd8 38. Nc5 Bd5 39. f3 Rb8 40. e4 Rb2+ 41. Ke3 Ba2 42. exf5+ Kxf5 43. g4+ Ke5 44. Ne4 Rb1 45. Re7+ Be6 46. f4+ Kd5 47. Nc3+ 1-0

[Event "Morshyn All Ukranian 1st"]
[Site "Morshyn"]
[Date "2023.07.08"]
[Round "9"]
[White "Kepeshchuk, Mykhaylo"]
[Black "Mosesov, Danylo"]
[Result "0-1"]
[WhiteElo "2269"]
[BlackElo "2432"]
[PlyCount "98"]
[EventDate "2023.07.08"]
[EventType "swiss (rapid)"]
[EventRounds "9"]
[EventCountry "UKR"]
[SourceTitle "CBM 215 Extra"]
[Source "ChessBase"]
[SourceDate "2023.09.30"]
[SourceVersion "1"]
[SourceVersionDate "2023.09.30"]
[SourceQuality "1"]

1. d4 Nf6 2. c4 e6 3. g3 c5 4. Nf3 Qa5+ 5. Nc3 Ne4 6. Qd3 cxd4 7. Nxd4 Nxc3 8. Bd2 Nc6 9. Bxc3 Bb4 10. Bg2 Ne5 11. Qc2 Bxc3+ 12. bxc3 Nxc4 13. 0-0 0-0 14. e4 d6 15. Rfd1 a6 16. Qb3 Qc7 17. Rab1 e5 18. Nc2 b5 19. Nb4 Bg4 20. f3 Be6 21. Nd5 Qc5+ 22. Kh1 Ne3 23. Rd3 Nxd5 24. exd5 Bf5 25. Rbd1 Bxd3 26. Rxd3 Rac8 27. h4 Qc4 28. Qd1 Qxa2 29. Kh2 Rc5 30. f4 exf4 31. gxf4 Qc4 32. Kg3 b4 33. cxb4 Qxb4 34. Bf3 Re8 35. Rb3 Qa5 36. Kg4 h6 37. h5 Rc4 38. Rd3 Re1 39. Qb3 Rg1+ 40. Kh3 Qe1 41. Bg2 Rxf4 42. Rg3 Qe5 43. Kh2 Re1 44. Bf3 Re3 45. Qb8+ Kh7 46. Kg2 Rexf3 47. Qb1+ Qf5 48. Qxf5+ Rxf5 49. Rxf3 Rxf3 0-1

[Event "Morshyn All Ukranian 1st"]
[Site "Morshyn"]
[Date "2023.07.08"]
[Round "6"]
[White "Kislinsky, Alexey"]
[Black "Kepeshchuk, Mykhaylo"]
[Result "1-0"]
[WhiteElo "2360"]
[BlackElo "2269"]
[PlyCount "54"]
[EventDate "2023.07.08"]
[EventType "swiss (rapid)"]
[EventRounds "9"]
[EventCountry "UKR"]
[SourceTitle "CBM 215 Extra"]
[Source "ChessBase"]
[SourceDate "2023.09.30"]
[SourceVersion "1"]
[SourceVersionDate "2023.09.30"]
[SourceQuality "1"]

1. e4 c5 2. c3 d6 3. d4 cxd4 4. cxd4 Nf6 5. Nc3 g6 6. Nf3 Bg7 7. Bb5+ Nfd7 8. h3 0-0 9. 0-0 Nc6 10. d5 Nce5 11. Nxe5 Nxe5 12. Be3 a6 13. Be2 b5 14. Bd4 b4 15. Na4 Rb8 16. f4 Nd7 17. Bxg7 Kxg7 18. Qd4+ Nf6 19. b3 Kg8 20. Rad1 Bd7 21. e5 Bxa4 22. bxa4 Nd7 23. Bxa6 Qa5 24. Bb5 Nc5 25. exd6 exd6 26. f5 Nxa4 27. Bxa4 Qxa4 1-0

[Event "Morshyn All Ukranian 1st"]
[Site "Morshyn"]
[Date "2023.07.08"]
[Round "4"]
[White "Shapoval, Galina"]
[Black "Kepeshchuk, Mykhaylo"]
[Result "0-1"]
[WhiteElo "2068"]
[BlackElo "2269"]
[PlyCount "78"]
[EventDate "2023.07.08"]
[EventType "swiss (rapid)"]
[EventRounds "9"]
[EventCountry "UKR"]
[SourceTitle "CBM 215 Extra"]
[Source "ChessBase"]
[SourceDate "2023.09.30"]
[SourceVersion "1"]
[SourceVersionDate "2023.09.30"]
[SourceQuality "1"]

1. e4 c5 2. Nf3 d6 3. d4 cxd4 4. Nxd4 Nf6 5. Nc3 g6 6. Be3 Nc6 7. f3 h5 8. Qd2 Nxd4 9. Bxd4 Bh6 10. Be3 Bxe3 11. Qxe3 Be6 12. Bb5+ Kf8 13. Qd4 Qa5 14. 0-0 Rc8 15. f4 Rxc3 16. bxc3 Qxb5 17. e5 dxe5 18. fxe5 Nd7 19. Qxa7 Qc5+ 20. Qxc5 Nxc5 21. a3 Kg7 22. Rab1 Rc8 23. Rf4 Rc7 24. Rfb4 Bd5 25. c4 Bc6 26. g3 Rd7 27. Re1 Rd2 28. Rbb1 Rxc2 29. Re3 Rg2+ 30. Kf1 Rxh2 31. Rb4 g5 32. Kg1 Ra2 33. Rb1 g4 34. Rd1 Ne6 35. Rb1 Nd4 36. Rb6 Nf3+ 37. Kf1 Nd2+ 38. Ke1 Nxc4 39. Rxc6 bxc6 0-1

[Event "Titled Tuesday intern op 25th Apr Late"]
[Site "Chess.com INT"]
[Date "2023.04.25"]
[Round "6"]
[White "Jaracz, Pawel"]
[Black "Kepeshchuk, Mykhaylo"]
[Result "0-1"]
[WhiteElo "2467"]
[BlackElo "2269"]
[PlyCount "152"]
[EventDate "2023.04.25"]
[EventType "swiss (blitz)"]
[EventRounds "11"]
[EventCountry "USA"]
[SourceTitle "EXT 2024"]
[Source "ChessBase"]
[SourceDate "2023.10.10"]
[SourceVersion "1"]
[SourceVersionDate "2023.10.10"]
[SourceQuality "1"]

1. d4 Nf6 2. Nf3 g6 3. g3 Bg7 4. Bg2 c5 5. dxc5 Qa5+ 6. Nbd2 Qxc5 7. 0-0 0-0 8. e4 d6 9. c3 Nc6 10. h3 Qh5 11. g4 Qa5 12. Re1 Be6 13. Nb3 Qc7 14. Nbd4 Bd7 15. Bg5 Qb6 16. Qd2 Rac8 17. Rad1 Rfd8 18. b3 Ne5 19. c4 a6 20. Bh6 Qc5 21. Bxg7 Kxg7 22. Qe3 Nxf3+ 23. Bxf3 b5 24. cxb5 axb5 25. g5 Ne8 26. Rc1 Qa3 27. Qd2 Rc5 28. Rxc5 Qxc5 29. Bg2 Rc8 30. Ne2 Qc2 31. Qd4+ Kg8 32. Qa7 Be6 33. Nf4 Qd2 34. Re3 Rc1+ 35. Kh2 Qxf2 36. Nxe6 fxe6 37. Qxe7 Qxe3 38. Qxe8+ Kg7 39. Qe7+ Kg8 40. Qxe6+ Kg7 41. Qf6+ Kg8 42. Qd8+ Kg7 43. Qe7+ Kg8 44. Qe6+ Kg7 45. Qf6+ Kg8 46. h4 Rd1 47. h5 gxh5 48. Qe6+ Kg7 49. Qe7+ Kg8 50. Qe6+ Kg7 51. Qf6+ Kg8 52. a4 Qd4 53. Qe6+ Kg7 54. Qe7+ Kg8 55. Qe8+ Kg7 56. Qe7+ Kg6 57. axb5 Qe5+ 58. Qxe5 dxe5 59. Kg3 Rb1 60. Bh3 Kxg5 61. Be6 h4+ 62. Kf2 Kf6 63. Bd5 Ke7 64. b6 Kd6 65. b7 Kc7 66. Kf3 h3 67. Kg3 Rh1 68. b4 h5 69. b5 h4+ 70. Kf2 Rc1 71. Be6 Rc3 72. Kg1 Kxb7 73. Kh2 Kb6 74. Bxh3 Kxb5 75. Bg2 Kc5 76. Bf1 Kd4 0-1

[Event "Titled Tuesday intern op 25th Apr Late"]
[Site "Chess.com INT"]
[Date "2023.04.25"]
[Round "7"]
[White "Kepeshchuk, Mykhaylo"]
[Black "Goltsev, Dmitry"]
[Result "0-1"]
[WhiteElo "2269"]
[BlackElo "2216"]
[PlyCount "140"]
[EventDate "2023.04.25"]
[EventType "swiss (blitz)"]
[EventRounds "11"]
[EventCountry "USA"]
[SourceTitle "EXT 2024"]
[Source "ChessBase"]
[SourceDate "2023.10.10"]
[SourceVersion "1"]
[SourceVersionDate "2023.10.10"]
[SourceQuality "1"]

1. d4 Nf6 2. c4 e6 3. g3 Bb4+ 4. Nd2 0-0 5. Bg2 d6 6. Ngf3 Nbd7 7. 0-0 Bxd2 8. Qxd2 e5 9. b3 exd4 10. Nxd4 Nc5 11. Bb2 c6 12. Rad1 Re8 13. Nc2 Bf5 14. Ne3 Bg6 15. Qxd6 Qxd6 16. Rxd6 Nfe4 17. Rd4 a5 18. Rfd1 h6 19. Ba3 a4 20. b4 Nc3 21. bxc5 Nxe2+ 22. Kf1 Nxd4 23. Rxd4 Red8 24. Rxd8+ Rxd8 25. Bb4 a3 26. Bxa3 Ra8 27. Bb4 Rxa2 28. Bf3 Bd3+ 29. Kg2 g6 30. Bc3 f5 31. Be5 Kf7 32. h4 Ke6 33. Bc7 g5 34. hxg5 hxg5 35. Bb8 g4 36. Bd1 Rd2 37. Bb3 Rb2 38. Bd1 Be4+ 39. Kf1 Bd3+ 40. Ke1 Kf6 41. Bc7 Ke6 42. Bb8 Ra2 43. Bc7 Be4 44. Bb8 Bf3 45. Bf4 Ra1 46. Kd2 Ra2+ 47. Ke1 Ra5 48. Kd2 Rxc5 49. Bxf3 gxf3 50. Kc3 Ra5 51. Kd4 Ra2 52. Nd1 b6 53. Be3 Ra3 54. Nc3 c5+ 55. Kd3 Ra1 56. Nd5 Ra3+ 57. Kd2 Ke5 58. Nxb6 Ra2+ 59. Kd3 Ra3+ 60. Kd2 Ke4 61. Nd7 Ra2+ 62. Kd1 Kd3 63. Nxc5+ Kxc4 64. Ne6 Rb2 65. Nf4 Ra2 66. Ke1 Ra1+ 67. Kd2 Ra2+ 68. Ke1 Kc3 69. Nd5+ Kb3 70. Nf4 Kc2 0-1

[Event "Titled Tuesday intern op 04th Apr Late"]
[Site "Chess.com INT"]
[Date "2023.04.04"]
[Round "2"]
[White "Kepeshchuk, Mykhaylo"]
[Black "Gutkin, Ilya"]
[Result "1-0"]
[WhiteElo "2269"]
[BlackElo "2261"]
[PlyCount "111"]
[EventDate "2023.04.04"]
[EventType "swiss (blitz)"]
[EventRounds "11"]
[EventCountry "USA"]
[SourceTitle "EXT 2024"]
[Source "ChessBase"]
[SourceDate "2023.10.10"]
[SourceVersion "1"]
[SourceVersionDate "2023.10.10"]
[SourceQuality "1"]

1. d4 e6 2. c4 b6 3. Nf3 Bb7 4. g3 Bb4+ 5. Nbd2 f5 6. Bg2 Nf6 7. 0-0 0-0 8. a3 Be7 9. b4 Ne4 10. Bb2 Bf6 11. e3 d6 12. Qc2 Nxd2 13. Qxd2 Qe7 14. a4 c5 15. a5 Be4 16. axb6 Nc6 17. bxc5 dxc5 18. bxa7 Rxa7 19. Rxa7 Qxa7 20. Ra1 Qb6 21. dxc5 Qxb2 22. Qxb2 Bxb2 23. Ra6 Rd8 24. h4 Rd1+ 25. Kh2 Ra1 26. Rb6 Bc3 27. Ng5 Bxg2 28. Kxg2 h6 29. Nxe6 Ne5 30. c6 Nxc4 31. Rb8+ Kf7 32. c7 Nd6 33. Nd8+ Ke7 34. Nb7 Kd7 35. Nxd6 Kxc7 36. Rc8+ Kxd6 37. Rxc3 g5 38. hxg5 hxg5 39. g4 fxg4 40. Rc4 Ke5 41. Rxg4 Kf5 42. Rb4 Ke5 43. Kf3 Kf5 44. Rb5+ Kg6 45. Ke4 Ra2 46. Kf3 Kf6 47. Rd5 Kg6 48. Kg3 Kf6 49. f3 Ra3 50. e4 Ra1 51. Rd6+ Ke5 52. Rg6 Rg1+ 53. Kf2 Rh1 54. Rxg5+ Kd4 55. Rd5+ Kc4 56. Ke3 1-0

[Event "Titled Tuesday intern op 04th Apr Late"]
[Site "Chess.com INT"]
[Date "2023.04.04"]
[Round "3"]
[White "Schuster, Karsten"]
[Black "Kepeshchuk, Mykhaylo"]
[Result "1-0"]
[WhiteElo "2314"]
[BlackElo "2269"]
[PlyCount "123"]
[EventDate "2023.04.04"]
[EventType "swiss (blitz)"]
[EventRounds "11"]
[EventCountry "USA"]
[SourceTitle "EXT 2024"]
[Source "ChessBase"]
[SourceDate "2023.10.10"]
[SourceVersion "1"]
[SourceVersionDate "2023.10.10"]
[SourceQuality "1"]

1. Nf3 Nf6 2. d4 c5 3. b3 g6 4. dxc5 Bg7 5. Bb2 Qa5+ 6. Qd2 Qxc5 7. e3 Ne4 8. Qc1 Qa5+ 9. Nbd2 Nxd2 10. Nxd2 Bc3 11. Bxc3 Qxc3 12. Bd3 0-0 13. 0-0 Nc6 14. Ne4 Qg7 15. c4 d6 16. Nc3 Be6 17. Be4 Rfc8 18. Qd2 a6 19. Nd5 Bxd5 20. Bxd5 Rab8 21. Rac1 Ne5 22. h3 Nd7 23. Rfd1 Qe5 24. Bf3 Nf6 25. Qd4 Qxd4 26. exd4 Rc7 27. Kf1 Rbc8 28. Rb1 b5 29. cxb5 axb5 30. Rb2 b4 31. Ke2 d5 32. Kd2 Rc3 33. Ra1 Ra8 34. a4 e6 35. Re1 Kf8 36. Re3 Rac8 37. g4 g5 38. a5 Ke7 39. a6 Kd6 40. Ra2 R3c6 41. Re1 Ra8 42. Rea1 Ra7 43. Ra4 Rb6 44. Ke3 Ne8 45. Be2 Nc7 46. f4 h6 47. Bd3 f6 48. f5 e5 49. dxe5+ Kxe5 50. Rc1 Ne8 51. Rc8 Nd6 52. Rc5 Ne8 53. Bc4 Nc7 54. Rxc7 Rxc7 55. a7 Rxa7 56. Rxa7 dxc4 57. bxc4 b3 58. Ra5+ Kd6 59. c5+ Kc6 60. cxb6 b2 61. Rb5 Kxb5 62. b7 1-0

[Event "Titled Tuesday intern op 08th Feb Early"]
[Site "Chess.com INT"]
[Date "2022.02.08"]
[Round "3"]
[White "Serikbay, Assel"]
[Black "Kepeshchuk, Mykhaylo"]
[Result "0-1"]
[WhiteElo "2196"]
[BlackElo "2269"]
[PlyCount "26"]
[EventDate "2022.02.08"]
[EventType "swiss (blitz)"]
[EventRounds "11"]
[EventCountry "USA"]
[SourceTitle "CBM 206 Extra"]
[Source "ChessBase"]
[SourceDate "2022.03.31"]
[SourceVersion "1"]
[SourceVersionDate "2022.03.31"]
[SourceQuality "1"]

1. d4 Nf6 2. Nf3 g6 3. c4 c5 4. d5 b5 5. cxb5 a6 6. bxa6 Bg7 7. Nc3 0-0 8. g3 Qa5 9. Bd2 Bxa6 10. Bg2 d6 11. 0-0 Nbd7 12. Qc2 Rfb8 13. Rab1 Ne8 0-1

[Event "Titled Tuesday intern op 18th Jan"]
[Site "Chess.com INT"]
[Date "2022.01.18"]
[Round "11"]
[White "Kepeshchuk, Mykhaylo"]
[Black "Sargsyan, Anna M"]
[Result "1/2-1/2"]
[WhiteElo "2269"]
[BlackElo "2380"]
[PlyCount "204"]
[EventDate "2022.01.18"]
[EventType "swiss (blitz)"]
[EventRounds "11"]
[EventCountry "USA"]
[SourceTitle "CBM 206 Extra"]
[Source "ChessBase"]
[SourceDate "2022.03.31"]
[SourceVersion "1"]
[SourceVersionDate "2022.03.31"]
[SourceQuality "1"]

1. d4 d5 2. c4 c6 3. Nf3 Nf6 4. g3 Bf5 5. Bg2 e6 6. 0-0 h6 7. Nc3 Nbd7 8. Re1 Be7 9. Nd2 0-0 10. e4 dxe4 11. Ndxe4 Nxe4 12. Nxe4 Nf6 13. Nc5 Qb6 14. Qb3 Bxc5 15. dxc5 Qxc5 16. Qxb7 Rfc8 17. b3 Qa5 18. Bb2 Rab8 19. Qe7 Nh7 20. Red1 Ng5 21. h4 Ne4 22. Rd7 Rf8 23. g4 Bg6 24. h5 Bh7 25. Qa3 Qg5 26. f3 Ng3 27. Qxa7 Ne2+ 28. Kf2 Nf4 29. Qe3 Qh4+ 30. Kf1 Qh2 31. Qg1 Bd3+ 32. Rxd3 Qxg1+ 33. Kxg1 Nxd3 34. Bc3 Nf4 35. Bf1 f6 36. b4 Rfd8 37. b5 cxb5 38. cxb5 Rdc8 39. Bd2 Nd5 40. a4 Rc2 41. Be1 Rb2 42. a5 Nc7 43. b6 Nd5 44. Bf2 Rb3 45. Bc4 Rb4 46. Bxd5 exd5 47. a6 R4xb6 48. a7 Rb1+ 49. Rxb1 Rxb1+ 50. Kg2 Ra1 51. Kg3 Kf7 52. Kf4 Ke6 53. Ke3 Ra4 54. Kd3 Kd6 55. Kc3 Kc6 56. Kb3 Kb5 57. Kc3 Kc6 58. Kb3 Kb5 59. Kc3 Ra6 60. Kd4 Kc6 61. Kc3 Kb7 62. Kd4 Rxa7 63. Kxd5 Ra3 64. Ke4 Kc6 65. f4 Kd7 66. Kf5 Ke8 67. Kg6 Rf3 68. Bc5 Rxf4 69. Kxg7 Rxg4+ 70. Kxf6 Rg5 71. Be3 Rxh5 72. Kg6 Rh3 73. Bxh6 Kd7 74. Bg5 Ke6 75. Bf4 Rf3 76. Kg5 Rf1 77. Kg4 Kd5 78. Kg3 Ke4 79. Bc7 Rf7 80. Bb8 Rf8 81. Bd6 Rg8+ 82. Kh2 Kf3 83. Kh1 Rg6 84. Bh2 Rg7 85. Bg1 Rd7 86. Bh2 Rd2 87. Bg1 Rc2 88. Bh2 Kg4 89. Bg1 Kh3 90. Ba7 Rc1+ 91. Bg1 Rc8 92. Be3 Rg8 93. Bg1 Kg3 94. Be3 Kf3 95. Bg1 Rh8+ 96. Bh2 Rh7 97. Kg1 Kg4 98. Kh1 Kf3 99. Kg1 Rb7 100. Kh1 Rb1+ 101. Bg1 Rb7 102. Bh2 Rh7 1/2-1/2

[Event "Titled Tuesday intern op 18th Jan"]
[Site "Chess.com INT"]
[Date "2022.01.18"]
[Round "2"]
[White "Kepeshchuk, Mykhaylo"]
[Black "Svicevic, Rastko"]
[Result "1-0"]
[WhiteElo "2269"]
[BlackElo "2200"]
[PlyCount "93"]
[EventDate "2022.01.18"]
[EventType "swiss (blitz)"]
[EventRounds "11"]
[EventCountry "USA"]
[SourceTitle "CBM 206 Extra"]
[Source "ChessBase"]
[SourceDate "2022.03.31"]
[SourceVersion "1"]
[SourceVersionDate "2022.03.31"]
[SourceQuality "1"]

1. d4 c6 2. c4 d5 3. Nf3 e6 4. g3 f5 5. Bg2 Nf6 6. 0-0 Bd6 7. b3 Qe7 8. Bb2 0-0 9. Qc1 b5 10. a4 bxc4 11. bxc4 a5 12. Ba3 Bb4 13. Ne5 Ba6 14. Nd2 Rc8 15. Ndf3 dxc4 16. Nxc4 Bxc4 17. Qxc4 Bxa3 18. Rxa3 Nbd7 19. Re3 Nd5 20. Rd3 Rab8 21. Rc1 Rb4 22. Qc2 c5 23. Ne5 c4 24. Rdd1 N7b6 25. e4 fxe4 26. Bxe4 Nf6 27. Bc6 Qd6 28. Bb5 c3 29. Qd3 Rd8 30. Rxc3 Rxd4 31. Qxd4 Qxd4 32. Rxd4 Rxd4 33. Rc6 Nfd5 34. Rxe6 g6 35. Nc6 Rd1+ 36. Kg2 Nc3 37. Ne7+ Kf8 38. Rxb6 Kxe7 39. Ra6 Rd2 40. Rxa5 Nd1 41. Ra7+ Kf6 42. Rxh7 Rxf2+ 43. Kg1 Ra2 44. Rd7 Nc3 45. Rd4 Rb2 46. Bf1 Rb1 47. Kg2 1-0